000 00623nam a2200229Ia 4500
003 OSt
005 20220928104736.0
006 a|||||r|||| 00| 0
007 ta
008 220927b |||||||| |||| 00| 0 eng d
024 _a50681
037 _cTextual
040 _aSDCL
_cSDCL
_beng
041 _2eng
_aeng
082 _aO152,3NO3:g, L2
100 _aBraj Narayan Singh
_9411799
245 0 _aUpanyaskar Bhagwati Charan Verma.
260 _aDelhi
_bRajkamal Prakashan
_c1972
300 _a301p.
_ccm.
942 _hO152,3NO3:g, L2
_cTEXL
_2CC
999 _c727506
_d727506